Informative handbooks from RRII on new clones (Book Review) (Record no. 61384)

MARC details
000 -LEADER
fixed length control field 00353nam a2200121Ia 4500
245 #0 - TITLE STATEMENT
Title Informative handbooks from RRII on new clones (Book Review)
260 ## - PUBLICATION, DISTRIBUTION, ETC. (IMPRINT)
Name of publisher Rubber Asia
Year of publication 2007
300 ## - PHYSICAL DESCRIPTION
Number of Pages 120
650 ## - SUBJECT ADDED ENTRY--TOPICAL TERM
Topical Term Identification of RRII 400 series clones
650 ## - SUBJECT ADDED ENTRY--TOPICAL TERM
Topical Term RRII 400 series clones
942 ## - ADDED ENTRY ELEMENTS (KOHA)
Koha item type Journals
Holdings
Withdrawn status Lost status Damaged status Not for loan Home library Current library Shelving location Date acquired Serial Enumeration / chronology Koha item type
      Journals RRII Library RRII Library Rubber general 14/11/2007 Volume 21, Issue 5 Journals